| 000 | 01258cam a22002894a 4500 | ||
|---|---|---|---|
| 001 | 1472 | ||
| 005 | 20231025092414.0 | ||
| 020 | _a0516249479 | ||
| 020 | _a9780516247977 | ||
| 040 |
_aDLC _cDLC _dDLC _dFISKH _beng |
||
| 050 | 0 | 0 |
_aQL668.E2 _bZ65 2005 |
| 082 | 0 | 0 |
_a597.8/139 _222 |
| 100 | 1 | _aZollman, Pam. | |
| 245 | 1 | 2 |
_aA tadpole grows up / _cby Pam Zollman. |
| 260 |
_aNew York : _bChildren's Press, _c2005. |
||
| 300 |
_a24 pages : _bcolor illustrations; _c21 cm |
||
| 490 | _aNews Nonfiction Readers | ||
| 505 | 0 | _aF | |
| 505 | 0 | _aWord hunt -- Tadpoles! -- Frog and toads -- Laying eggs -- Tadpoles hatch -- Tadpoles change -- Tadpoles grow into frogs and toads -- Timeline: a tadpole grows up! -- Your new words -- These animals lay eggs in the water, too! | |
| 520 | _a- Format includes large color photographs, easy-to-read font, and simple interior design. - Series features vocabulary preview and review pages and backmatter, which gives young readers additional material to discuss or think about. | ||
| 521 |
_a440
_bLexile |
||
| 521 |
_aF
_bRaz-Plus |
||
| 650 | 0 |
_aTadpoles _vJuvenile literature. |
|
| 650 | 0 |
_aFrogs _xDevelopment _vJuvenile literature. |
|
| 906 |
_a7 _bcbc _corignew _d1 _eecip _f20 _gy-gencatlg |
||
| 942 |
_2ddc _cBK _n0 |
||
| 999 |
_c1472 _d1472 |
||